000 00299nam a22001337a 4500
008 181101b xxu||||| |||| 00| 0 eng d
020 _a01292700612
041 _aeng
080 _a821
100 _a23
101 _aGJU
245 _aEnglish And Western Literature
_cJames.d
942 _2udc
_cBK
999 _c51545
_d51545